000 00435nam a2200157Ia 4500
008 100122s9999 xx 000 0 und d
082 _b5749
_a823
100 _aरणदिवे रत्नप्रभा
245 _aछायानट
260 _bबा.द.सातोस्कर
_c1924
300 _a224
630 _aछायानट
700 _aदेसाई
730 _aछायानट
942 _cBOOK
999 _c398966
_d398963